KOHA-Header-6

The Economy Of Pakistan (Record no. 9552)

000 -LEADER
fixed length control field 00274nam a2200109Ia 4500
100 ## - MAIN ENTRY--AUTHOR NAME
Personal name Khawaja Amjad Saeed
245 #4 - TITLE STATEMENT
Title The Economy Of Pakistan
260 ## - PUBLICATION, DISTRIBUTION, ETC. (IMPRINT)
Place of publication New Delhi
Name of publisher Tata McGraw Hill
Year of publication 2004
300 ## - PHYSICAL DESCRIPTION
Number of Pages 230
942 ## - ADDED ENTRY ELEMENTS (KOHA)
Koha item type Books
Holdings
Withdrawn status Lost status Collection code Permanent Location Current Location Shelving location Date acquired Full call number Accession Number Koha item type
    Economics MAJU MAJU Shelf No.A48 2019-09-14 338.005 5371 Economics

Powered by Koha